Trasa Linii 160 (MPK KRAKÓW) - Statystyki

Ogólne statystyki
  • Ten quiz został rozwiązany 6 razy
  • Średni wynik to 17 z 23
Statystyki odpowiedzi
Lp. Ulica Przystanek % Poprawnych
1. al. Andersa Aleja Przyjaźni
100%
2. al. Różal. Przyjaźni Aleja Róż
100%
5. Kocmyrzowska Cienista
100%
8. (NŻ) Darwina Cmentarz Grębałów Południe
100%
7. Darwina Darwina
100%
4. Obrońców Krzyża Teatr Ludowy
100%
6. Kocmyrzowska Wańkowicza
100%
3. Żeromskiegoal. Róż Żeromskiego
100%
9. Darwina Cmentarz Grębałów
83%
23. Jeziorko Ruszcza
83%
17. (NŻ) Bystronia Bystronia
67%
10. (NŻ) Darwina Lubocza Bugaj
67%
11. Lubocka Lubocza Przychodnia
67%
12. ŁuczanowickaLubocka Lubocza Szkoła
67%
16. Wittiga Łuczanowice
67%
22. (NŻ) Glinik Wadów Glinik
67%
21. Glinik Wadów Os. Kolejowe
67%
13. (NŻ) Łuczanowicka Grzegorza z Sanoka
50%
18. Bystronia Łuczanowice Skrzyżowanie
50%
14. (NŻ) Łuczanowicka Łuczanowicka
50%
15. (NŻ) Łuczanowicka Orłowskiego
50%
19. (NŻ) Glinik Wadów Osiedle
50%
20. Glinik Wadów Szkoła
50%
Nie znaleziono quizów pasujących do podanych kryteriów
Rozkład punktacji
Procent ludzi z każdym wynikiem
Percentyl według liczby udzielonych odpowiedzi
Twoja historia wyników
Nie rozwiązałeś tego quizu